banner-ar

شيلى الثورة والثورة المضادة / (Record no. 40941)

MARC details
000 -الفاتح
حقل البيانات ثابتة الطول 00430nam a2200169Ia 4500
008 - عناصر البيانات ثابتة الطول - معلومات عامة
حقل البيانات ثابتة الطول 140319s9999 xx 000 0 ara d
040 ## - مصدر الفهرسة
وكالة الفهرسة الأصلية GCL /
وكالة النسخ GCL
082 04 - رقم تصنيف ديوى العشرى
رقم التصنيف 917
رقم المادة ه ش
100 1# - المدخل الرئيسى - إسم شخصى
الإسم الشخصى مجدى نصيف
245 10 - بيان العنوان
العنوان شيلى الثورة والثورة المضادة /
بيان المسئوليه,etc مجدى نصيف
300 ## - الوصف المادى
التعداد 327 ص
490 ## - بيان السلسلة
عنوان السلسلة
650 04 - المدخل الاضافى بالموضوع-مصطلح موضوعى
مصطلح موضوعي شيلى
650 04 - المدخل الاضافى بالموضوع-مصطلح موضوعى
مصطلح موضوعي شيلى , تاريخ
942 ## - عناصر المدخل الإضافي( كوها)
مصدر التصنيف او مخطط الترفيف Dewey Decimal Classification
Koha [default] item type كتاب
Holdings
حالة التراجع حالة الفقد حالة تلف ليس للاعارة المكان المؤقت الموقع الحالى تاريخ الاكتساب اجمالي اﻻعارات رقم الطلب الباركود تاريخ اخر مشاهدة تاريخ تفعيل السعر نوع وعاء كوها
        مكتبة القاهرة الكبرى مكتبة القاهرة الكبرى 03/26/2014   917\ه ش 98782 03/26/2014 03/26/2014 كتاب

Powered By

EGPV